Catálogo de madera estructural Ecuador /

Bibliographic Details
Main Authors: Espinosa A., Pedro (Author), Proaño E., Diego (Author), Barrera P., Luis (Author)
Format: Electronic eBook
Language:Spanish
Published: Cuenca, Ecuador : Universidad del Azuay, Casa Editora, [2018]
Subjects:
Online Access:Digitalia Hispánica

MARC

LEADER 00000nam a2200000Ii 4500
001 DIGUAZUAY0247
003 NyNyDIG
006 m o d
007 cr |||||||||||
008 250915s2018 ec a ob 000 0 spa d
035 |a (OCoLC)1536413333 
040 |a DGITA  |b eng  |e rda  |e pn  |c DGITA 
020 |z 9789942778284 
043 |a s-ec--- 
050 1 4 |a SD457 ebook 
100 1 |a Espinosa A., Pedro,  |e author. 
245 1 0 |a Catálogo de madera estructural Ecuador /  |c Pedro Espinosa A., Diego Proaño E., Luis Barrera P.  
264 1 |a Cuenca, Ecuador :  |b Universidad del Azuay, Casa Editora,  |c [2018] 
300 |a 1 online resource :  |b illustrations. 
336 |a text  |b txt  |2 rdacontent 
337 |a computer  |b c  |2 rdamedia 
338 |a online resource  |b cr  |2 rdacarrier 
347 |a text file  |2 rdaft 
347 |b PDF 
504 |a Includes bibliographical references. 
588 0 |a Online resource; title from PDF title page (Digitalia, viewed September 15, 2025) 
650 0 |a Timber  |z Ecuador. 
650 0 |a Forest products  |z Ecuador. 
700 1 |a Proaño E., Diego,  |e author. 
700 1 |a Barrera P., Luis,  |e author. 
791 2 |a Digitalia (Firm),  |e distributor. 
793 0 |g Digitalia eBook Collection:  |a Universidad del Azuay 
776 0 8 |i Print version:  |a Espinosa A., Pedro.  |t Catálogo de madera estructural Ecuador.  |d Cuenca, Ecuador : Universidad del Azuay, Casa Editora, [2018]  |z 9789942778284 
856 4 0 |3 Digitalia Hispánica  |u https://www.digitaliapublishing.com/a/170475/ 
910 |a Premium collection: 2025